| 000 | 01059cam a22003375a 4500 | ||
|---|---|---|---|
| 999 |
_c6082 _d6082 |
||
| 003 | EG-ScBUE | ||
| 005 | 20191204115313.0 | ||
| 008 | 180828t1993 nyu f d 000 0 mul d | ||
| 020 | _a0870520776 | ||
| 020 | _a9780870520778 | ||
| 040 |
_aEG-ScBUE _beng _erda _cEG-ScBUE _dEG-ScBUE |
||
| 041 | 0 |
_aalb _aeng |
|
| 082 | 0 | 4 |
_a491.991321 _bHYS _222 |
| 100 | 1 |
_aHysa, Ramazan, _eauthor. |
|
| 245 | 1 | 0 |
_aAlbanian - English dictionary / _cRamazan Hysa. |
| 264 | 1 |
_aNew York : _bHippocrene Books. Inc, _c[1993] |
|
| 264 | 4 | _cc 1993 | |
| 300 |
_a510 pages ; _c22 cm. |
||
| 336 |
_2rdacontent _atext _btxt |
||
| 337 |
_2rdamedia _aunmediated _bn |
||
| 338 |
_2rdacarrier _avolume _bnc |
||
| 490 | 0 | _aHippocrene standard dictionary | |
| 500 | _aIncludes appendix. | ||
| 546 | _aText in English and Albanian. | ||
| 590 | _aEman kamel | ||
| 650 | 7 |
_aAlbanian language _xDictionaries _xEnglish. _2BUEsh |
|
| 650 | 7 |
_aEnglish language _xDictionaries _xAlbanian. _2BUEsh |
|
| 653 |
_bHHUUEENN _cAugust2018 _cJuly2019 |
||
| 655 | _vReading book | ||
| 942 |
_2ddc _cREFERENCE |
||